000 00349nam a2200121Ia 4500
008 231129s9999||||xx |||||||||||||| ||spa||
020 _a978-958-58166-9-5
082 _a910.41 N424g
100 _aNelson Rainbow
245 0 _aGetsemaní­
264 _aBogotá Colombia : El Peregrino Ediciones
942 _2ddc
_cBKS
999 _c14510
_d14510